• 首页
  • 本馆介绍
  • 公告通知
  • 最新文献
  • 馆藏检索
  • 电子资源
  • 读者导购
  • 参考咨询
  • 我的图书馆
  • 登录
  • 详细信息显示
  • 放入我的书架
  • 预约/预借图书
  • 作者相关作品
  • 分类相关作品
  • 丛书相关作品
  • 出版社相关作品

书目信息

  • 表格格式
  • 工作单格式
  • 卡片格式
题名:
奥林匹克百科全书
    
 
作者: ;本书编辑委员会 编著
分册:  
出版信息: 北京   奥林匹克出版社  2000.06
页数: 532页
开本: 29cm
丛书名:
单 册:
中图分类: G811.111
科图分类:
主题词: 奥运会--百科全书
电子资源:
ISBN: 7-80067-224-7
000 00605nam0 2200193 45
001 0311171589
005 20031219104121.6
010    @a7-80067-224-7@b精装@dCNY680.00
100    @a20031117d2000 km y0chiy0120 ea
101 0  @achi
105    @aa z 000yy
200 1  @a奥林匹克百科全书@AAo Lin Pi Ke Bai Ke Quan Shu@f本书编辑委员会编著@FBen Shu Bian Ji Wei Yuan Hui Bian Zhu
210    @a北京@c奥林匹克出版社@d2000.06
215    @a532页@c图@d29cm
606 0  @a奥运会@x百科全书
690    @aG811.111@v4
711 02 @a本书编辑委员会@4编著
801    @aCN@bTSTC@c20031117
905    @b328375-376@dG811.111@e26@f2
    
    奥林匹克百科全书/本书编辑委员会编著.-北京:奥林匹克出版社,2000.06
    532页:图;29cm
    
    
    ISBN 7-80067-224-7(精装):CNY680.00
    
●
相关链接 在E读中查询图书 在五车中查询图书 在当当中查询图书 在豆瓣中查询图书


正题名:奥林匹克百科全书     索取号:G811.111/26         预约/预借

序号 登录号 条形码 馆藏地/架位号 状态 备注
1 0328375   203283758   工具书阅览室/ [索取号:G811.111/26] 在馆    
2 0328376   203283767   第一样本阅览室/ [索取号:G811.111/26] 在馆    
唐山师范学院图书馆 欢迎您!
大连网信软件有限公司© 版权所有